Ajax Goalkeeper By Year - Statistics

General Stats
  • This quiz has been taken 751 times
    183 since last reset
  • The average score is 26 of 69
Answer Stats
Season Goalkeeper % Correct
2020-21 André Onana
92%
2019-20 André Onana
92%
2018-19 André Onana
92%
2017-18 André Onana
92%
2016-17 André Onana
92%
1998-99 Edwin van der Sar
88%
1997-98 Edwin van der Sar
88%
1996-97 Edwin van der Sar
88%
1995-96 Edwin van der Sar
88%
1994-95 Edwin van der Sar
88%
1993-94 Edwin van der Sar
88%
1992-93 Edwin van der Sar
88%
2010-11 Maarten Stekelenburg
76%
2009-10 Maarten Stekelenburg
76%
2007-08 Maarten Stekelenburg
76%
2006-07 Maarten Stekelenburg
76%
2005-06 Maarten Stekelenburg
76%
2015-16 Jasper Cillessen
74%
2014-15 Jasper Cillessen
74%
2013-14 Jasper Cillessen
74%
2024-25 Remko Pasveer
70%
2021-22 Remko Pasveer
70%
2022-23 Gerónimo Rulli
49%
2012-13 Kenneth Vermeer
44%
2011-12 Kenneth Vermeer
44%
2008-09 Kenneth Vermeer
44%
2023-24 Diant Ramaj
39%
2001-02 Fred Grim
22%
2000-01 Fred Grim
22%
1999-00 Fred Grim
22%
1991-92 Stanley Menzo
22%
1990-91 Stanley Menzo
22%
1989-90 Stanley Menzo
22%
1988-89 Stanley Menzo
22%
1987-88 Stanley Menzo
22%
1986-87 Stanley Menzo
22%
1985-86 Stanley Menzo
22%
2003-04 Bogdan Lobonț
16%
2002-03 Bogdan Lobonț
16%
1973-74 Heinz Stuy
13%
1972-73 Heinz Stuy
13%
1971-72 Heinz Stuy
13%
1970-71 Heinz Stuy
13%
1982-83 Piet Schrijvers
12%
1981-82 Piet Schrijvers
12%
1980-81 Piet Schrijvers
12%
1979-80 Piet Schrijvers
12%
1978-79 Piet Schrijvers
12%
1977-78 Piet Schrijvers
12%
1976-77 Piet Schrijvers
12%
1975-76 Piet Schrijvers
12%
1974-75 Piet Schrijvers
12%
2004-05 Hans Vonk
11%
1957-58 Eddy Pieters Graafland
10%
1956-57 Eddy Pieters Graafland
10%
1969-70 Gert Bals
7%
1968-69 Gert Bals
7%
1967-68 Gert Bals
7%
1966-67 Gert Bals
7%
1965-66 Gert Bals
7%
1984-85 Hans Galjé
5%
1983-84 Hans Galjé
5%
1964-65 Bertus Hoogerman
4%
1963-64 Bertus Hoogerman
4%
1962-63 Bertus Hoogerman
4%
1961-62 Bertus Hoogerman
4%
1960-61 Bertus Hoogerman
4%
1958-59 Bertus Hoogerman
4%
1959-60 Jan van Drecht
4%
No matching quizzes found
Score Distribution
Percent of People with Each Score
Percentile by Number Answered
Your Score History
You have not taken this quiz since the last reset